Statistiques concernant Stations de tramway de Lyon (France)

Cliquez ici pour prendre le quiz!

Statistiques générales

  • Ce quiz a été pris 409 fois
  • Le résultat moyen est 27 sur 91

Statistiques - réponses

Answer% Correct
PERRACHE
91%
GARE PART-DIEU VILLETTE
87%
GARE PART-DIEU VIVIER MERLE
87%
GRANGE BLANCHE
67%
UNIVERSITÉ LYON 1
63%
CHARPENNES CHARLES HERNU
62%
JEAN MACÉ
61%
LA DOUA GASTON BERGER
61%
RUE DE L'UNIVERSITÉ
59%
HÔTEL DE VILLE-BRON
57%
DEBOURG
54%
SAINT-PRIEST BEL AIR
53%
GUILLOTIÈRE GABRIEL PÉRI
53%
JET D'EAU MENDÈS FRANCE
52%
IUT-FEYSSINE
50%
DÉCINES CENTRE
47%
BACHUT MAIRIE DU 8E
44%
SAINT-PRIEST-HÔTEL DE VILLE
43%
HÔTEL DE RÉGION MONTROCHET
42%
EUREXPO
42%
SAXE PRÉFECTURE
42%
LE TONKIN
39%
VAULX EN VELIN LA SOIE
38%
GARE DE VÉNISSIEUX
38%
PARILLY-UNIVERSITÉ-HIPPODROME
36%
JEAN XXIII - MARYSE BASTIÉ
36%
MUSÉE DES CONFLUENCES
35%
DAUPHINÉ LACASSAGNE
35%
INSA-EINSTEIN
35%
QUAI CLAUDE BERNARD
33%
VINATIER
32%
AMBROISE PARÉ
32%
VILLON
32%
HÔPITAL FEYZIN VÉNISSIEUX
32%
ROUTE DE VIENNE
31%
CENTRE BERTHELOT
31%
MANUFACTURE MONTLUC
30%
MEYZIEU Z.I.
30%
ÉTATS-UNIS-MUSÉE TONY GARNIER
30%
ÉTATS-UNIS-VIVANI
30%
GARE DE VILLEURBANNE
30%
HALLE TONY GARNIER
30%
PORTE DES ALPES
29%
SAINTE-BLANDINE
28%
CONDORCET
28%
GARIBALDI BERTHELOT
28%
LES ALIZÉS
27%
LIBERTÉ
27%
COLLÈGE BELLECOMBE
27%
SUCHET
26%
SAINT-ANDRÉ
26%
THIERS LAFAYETTE
26%
PART-DIEU SERVIENT
23%
DÉCINES GRAND LARGE
23%
PALAIS DE JUSTICE MAIRIE DU 3E
23%
BEL AIR LES BROSSES
22%
RECONNAISSANCE BALZAC
21%
LYCÉE COLBERT
19%
PARC DU CHÊNE
18%
BOUTASSE-CAMILLE ROUSSET
18%
ESSART-IRIS
18%
EUROPE-UNIVERSITÉ
18%
MEYZIEU GARE
17%
LYCÉE LUMIÈRE
17%
REBUFER
16%
MEYZIEU LES PANETTES
15%
ENS LYON
14%
CROIX-LUIZET
14%
FÉLIX FAURE
10%
PARC TECHNOLOGIQUE
9%
LYCÉE JEAN PAUL SARTRE
9%
LÉNINE-CORSIÈRE
9%
PROFESSEUR BEAUVISAGE-CISL
8%
JOLIOT CURIE-MARCEL SEMBAT
8%
LA BORELLE
8%
HAUTS DE FEUILLY
7%
DARNAISE
6%
MAURICE THOREZ
6%
DIVISION LECLERC
5%
JULES FERRY
5%
HERRIOT-CAGNE
5%
LYCÉE JACQUES BREL
4%
CROIZAT-PAUL BERT
4%
ESPLANADE DES ARTS
4%
DE TASSIGNY-CURIAL
4%
SALVADOR ALLENDE
4%
VÉNISSY
3%
MARCEL HOUËL-HÔTEL DE VILLE
3%
ALFRED DE VIGNY
3%
CORDIÈRE
3%

Distribution des résultats

Percentile par nombre de réponses

% des personnes avec chaque résultat

Votre développement - résultats

Vous n’avez pas pris ce quiz